| 000 -LEADER |
| fixed length control field |
01440pab a2200193 454500 |
| 008 - FIXED-LENGTH DATA ELEMENTS--GENERAL INFORMATION |
| fixed length control field |
180718b2015 xxu||||| |||| 00| 0 eng d |
| 100 ## - MAIN ENTRY--PERSONAL NAME |
| Personal name |
Moynihan, Donald P. |
| 245 ## - TITLE STATEMENT |
| Title |
A life worth living: evidence on the relationship between pro-social values and happiness |
| 260 ## - PUBLICATION, DISTRIBUTION, ETC. |
| Date of publication, distribution, etc. |
2015 |
| 300 ## - PHYSICAL DESCRIPTION |
| Extent |
p.311-326. |
| 362 ## - DATES OF PUBLICATION AND/OR SEQUENTIAL DESIGNATION |
| Dates of publication and/or sequential designation |
May |
| 520 ## - SUMMARY, ETC. |
| Summary, etc. |
Employees with a desire to help others provide benefits to their organization, clients, and fellow workers, but what do they get in return? We argue that the prosocial desire to help others is a basic human goal that matters to an individual's happiness. We employ both longitudinal and cross-sectional data to demonstrate that work-related prosocial motivation is associated with higher subjective well-being, both in terms of current happiness and life satisfaction later in life. Cross-sectional data also suggest that perceived social impact (the belief that one's job is making a difference) is even more important for happiness than the prosocial desire to help. The results show that the relationship between prosocial motivation and happiness is not limited to government employees, suggesting that in this aspect of altruistic behavior, public and private employees are not so different. - Reproduced. |
| 650 ## - SUBJECT ADDED ENTRY--TOPICAL TERM |
| Topical term or geographic name entry element |
Employees |
| 650 ## - SUBJECT ADDED ENTRY--TOPICAL TERM |
| Topical term or geographic name entry element |
Motivation |
| 700 ## - ADDED ENTRY--PERSONAL NAME |
| Personal name |
Enami, Kohei |
| 700 ## - ADDED ENTRY--PERSONAL NAME |
| Personal name |
Deleire, Thomas |
| 773 ## - HOST ITEM ENTRY |
| Main entry heading |
American Review of Public Administration |
| 909 ## - |
| -- |
108667 |